| 000 | nam a22 7a 4500 | ||
|---|---|---|---|
| 999 |
_c129556 _d129556 |
||
| 008 | 190503b xxu||||| |||| 00| 0 eng d | ||
| 050 | _aBL1201.G196 | ||
| 100 |
_aGandhi, Mahatma K. _946238 |
||
| 245 |
_aHindu dharma _c/ by Mahatma K. Gandhi |
||
| 260 |
_aAhmedabad: _bNavajivan Publishing House, _c1950. |
||
| 300 |
_axx, 443p. ; _c22cm. |
||
| 650 |
_aHinduism _912067 |
||
| 942 |
_2lcc _cMONOGRAPH |
||